Statistiques concernant Top 15 des pays avec les décès de Covid-19 - 6 mai

Cliquez ici pour prendre le quiz!

Statistiques générales

  • Ce quiz a été pris 15 fois
  • Le résultat moyen est 16 sur 21

Statistiques - réponses

pays% Correct
Chine
100%
Brésil
93%
Espagne
93%
Etats-Unis
93%
France
93%
Allemagne
86%
Belgique
86%
Italie
86%
Pays-Bas
79%
Royaume-Uni
79%
Suède
79%
Suède
79%
Canada
71%
Portugal
71%
Suisse
71%
Irlande
64%
Mexique
64%
Iran
57%
Turquie
57%
Danemark
36%
Équateur
14%

Distribution des résultats

Percentile par nombre de réponses

% des personnes avec chaque résultat

Votre développement - résultats

Vous n’avez pas pris ce quiz